<?xml version="1.0" encoding="UTF-8"?>
<collection xmlns="http://www.loc.gov/MARC21/slim">
 <record>
  <leader>00484nam a22001575a 4500</leader>
  <controlfield tag="001">EEA.libagro001678</controlfield>
  <controlfield tag="008">130809s1958####RU############000#0#####d</controlfield>
  <controlfield tag="005">20211207105422.0</controlfield>
  <datafield tag="245" ind1="1" ind2="0">
   <subfield code="a">Tablitsy dlia vychisleniia vlazhnosti pochvy.</subfield>
  </datafield>
  <datafield tag="260" ind1=" " ind2=" ">
   <subfield code="c">1958.</subfield>
  </datafield>
  <datafield tag="300" ind1=" " ind2=" ">
   <subfield code="a">483 p. ;</subfield>
   <subfield code="c">23 cm.</subfield>
  </datafield>
  <datafield tag="100" ind1="1" ind2=" ">
   <subfield code="a">Ovchinnikov, Mikhail Nikiforovich.</subfield>
  </datafield>
  <datafield tag="700" ind1="1" ind2=" ">
   <subfield code="a">Kuriashev, Gennadii Mikhailovich.</subfield>
  </datafield>
  <datafield tag="082" ind1="0" ind2="4">
   <subfield code="a">631.432</subfield>
  </datafield>
  <datafield tag="650" ind1=" " ind2="7">
   <subfield code="a">Soil moisture</subfield>
   <subfield code="v">Tables</subfield>
  </datafield>
  <datafield tag="859" ind1=" " ind2=" ">
   <subfield code="a">AR-BbBCA</subfield>
   <subfield code="b">BIB. AGRONOMIA</subfield>
   <subfield code="h">631.432</subfield>
   <subfield code="i">O96</subfield>
   <subfield code="p">1966/0065</subfield>
  </datafield>
 </record>
</collection>
